Návrh výroby prevodovej skrine zváraním : Diplomová práca

Gespeichert in:
Bibliographische Detailangaben
1. Verfasser: Kučera, Ivan (Verfasst von)
Weitere Verfasser: Macaj, Štefan (xxx)
Format: Manuskript Buch
Sprache:Slowakisch
Veröffentlicht: Trnava : STU v Bratislave MtF KZaZS, 1992
Schlagworte:
Tags: Tag hinzufügen
Keine Tags, Fügen Sie das erste Tag hinzu!

MARC

LEADER 00000ntm a22000003a 4500
001 stu108366
005 20160719155424.9
008 060213s1992----cs------------------slo-d
040 |a STU  |b slo 
041 0 |a slo 
044 |a cs 
100 1 |a Kučera, Ivan  |4 aut 
245 1 |a Návrh výroby prevodovej skrine zváraním :  |b Diplomová práca 
260 |a Trnava :  |b STU v Bratislave MtF KZaZS,  |c 1992 
300 |a 55 s  |c príl 
650 7 |a strojárska technológia  |2 stusub 
650 7 |a zváranie  |2 stusub 
700 1 |a Macaj, Štefan  |4 xxx 
996 |b 284M064293  |c M*DP-3309  |l MMSKP  |s P  |a 0  |w stu108366_0001